Statistiche per Paesi dell'Africa di Prime 2 Lettere

Clicka qui per fare il quiz!

Statistiche generali

  • Questo quiz è stato fatto 1.174 volte
  • Il punteggio medio è 44 su 54

Risposte nella Mappa

Le risposte nella mappa del quiz sottostante sono codificate secondo una scala di colori dal rosso al verde in base alla % di persone che hanno risposto correttamente.
 

Statistiche sulle risposte

nazione% Corretto
Madagascar
100%
Malawi
100%
Mali
100%
Marocco
100%
Mauritania
100%
Mauritius
100%
Sudafrica
98%
Sudan
98%
Sud Sudan
98%
Egitto
97%
Algeria
96%
Rep Dem Congo
96%
Repubblica
del Congo
96%
Liberia
94%
Libia
94%
Tunisia
91%
Comoros
90%
Côte d'Ivoire
90%
Somalia
90%
Etiopia
87%
Niger
86%
Nigeria
86%
Eritrea
85%
Cabo Verde
82%
Camerun
82%
Senegal
82%
Seychelles
82%
Ciad
81%
Angola
79%
Kenya
76%
Repubblica
Centrafricana
76%
Gabon
75%
Gambia
75%
Burkina Faso
74%
Burundi
74%
Mozambico
74%
Namibia
73%
Lesotho
72%
Ghana
71%
Guinea
70%
Guinea-Bissau
70%
Guinea Equatoriale
70%
Togo
70%
Botswana
69%
Zambia
68%
Sierra Leone
67%
Tanzania
67%
Benin
65%
Zimbabwe
64%
Gibuti
62%
Ruanda
62%
Uganda
62%
Swaziland
60%
Sao Tome e Principe
51%

Distribuzione punteggi

Percentile per numero di risposta

Percentuale di utenti per punteggio

I tuoi punteggi nel tempo

Non hai fatto questo quiz